| 000 | 00381cam a2200145ua 4500 | ||
|---|---|---|---|
| 041 |
_aeng _h |
||
| 082 |
_a824 _bBUR/RE |
||
| 100 | _aBurke, Edmund . | ||
| 245 |
_aReflections on the revolution in the France / _cEdmund Burke. _hTextual Documents |
||
| 260 |
_aLondon : _bJ M Dent and Sons Ltd , _c1960. |
||
| 300 | _a369 ; . | ||
| 504 | _a | ||
| 942 | _cBK | ||
| 999 |
_c11850 _d11850 |
||